| 000 | 00558cam a2200217 a 4500 | ||
|---|---|---|---|
| 001 | 4751608 | ||
| 005 | 20180111072730.0 | ||
| 008 | 850828s1986 nhua b 001 0 eng | ||
| 010 | _a 85021922 | ||
| 020 | _a0435082469 (pbk.) | ||
| 040 |
_aDLC _cDLC _dDLC |
||
| 041 | _aeng | ||
| 080 | _a793.3 | ||
| 082 | 0 | 0 |
_a808.042 CAL _219 |
| 100 | 1 | _a46 | |
| 101 | _aEDU | ||
| 245 | 1 | 4 |
_aThe art of teaching writing / _cLucy McCormick Calkins. |
| 504 | _aBibliography: p. 331-339. | ||
| 906 |
_a7 _bcbc _corignew _d1 _eocip _f19 _gy-gencatlg |
||
| 942 |
_2ddc _cBK |
||
| 999 |
_c40122 _d40122 |
||